书目信息 |
| 书名: | Merit badge requirements, Boy scouts of America | |
| 作者: | ||
| 分册号: | ||
| 分册名: | 出版地: | New York, N.Y. : |
|
| 出版社: | National council office | |
| 出版时间: | 1979. | |
| 页数: | 88 p. ; | |
| 开本: | 21 cm. | |
| 丛书名: | ||
| 中图分类号: | ||
| 科图分类号: | ||
| 其他分类号: | C6 | |
| 主题词: | ||
| 电子资源: | ||
| 000 | 00510nam a2200181u 450 | |
| 001 | E0761027757 | |
| 005 | 20070710171727.05 | |
| 008 | 821206s1979 000 0 eng | |
| 010 | @a43008413 | |
| 035 | @A(DLC) 43008413 | |
| 040 | @aDLC@cCarP@dDLC | |
| 050 | 00 | @aHS3313.B74@bA3753 |
| 090 | @aC6 | |
| 099 | @dC6@ex2 | |
| 130 | @aBoy scouts of America. [from old catalog] | |
| 245 | 10 | @aMerit badge requirements, Boy scouts of America. |
| 260 | @aNew York, N.Y. :@bNational council office,@c1979. | |
| 300 | @a88 p. ;@c21 cm. | |
| Merit badge requirements, Boy scouts of America.-New York, N.Y. : : National council office, , 1979. |
| 88 p. ; ; 21 cm. |
| ISBN |
| ● |
| 相关链接 |
|
|
|
|
正题名:Merit badge requirements, Boy scouts of America
索取号:C6/x2
 
预约/预借
| 序号 | 登录号 | 条形码 | 馆藏地/架位号 | 状态 | 备注 |
| 1 | 0011855 | 300118557 | 第二样本阅览室/ [索取号:C6/x2] | 在馆 |